Taylor Swift - If This Was a Movie Lyrics - Statistics

General Stats
  • This quiz has been taken 181 times
  • The average score is 381 of 442
Answer Stats
Answer % Correct
I
100%
a
98%
be
98%
if
98%
If
98%
movie
98%
this
98%
you
98%
you"
98%
You
98%
to
96%
was
96%
in
94%
it
94%
me
94%
would
94%
your
94%
back
93%
here
93%
like
93%
now
93%
Now
93%
now?
93%
the
93%
you'd
93%
You'd
93%
and
92%
And
92%
by
92%
we
92%
you're
92%
Come
91%
come
91%
my
91%
just
89%
on
89%
that
89%
then
88%
When
88%
when
88%
But
87%
said
87%
for
86%
i'm
86%
it's
86%
could
85%
ever
84%
Ever
84%
not
84%
Not
84%
out
84%
there
84%
say
82%
sorry
82%
gone
81%
Oh
81%
rain
81%
all
80%
been
80%
know
80%
how
79%
night
79%
Stand
79%
though
79%
at
78%
i've
78%
I've
78%
too
78%
want
78%
what
78%
before
76%
Before
76%
had
76%
see
76%
time
76%
were
76%
door
75%
Last
75%
baby
74%
Baby
74%
'bout
74%
'cause
74%
still
74%
front
73%
heard
73%
much
73%
work
73%
easy
72%
heart
72%
knew
72%
nothing
72%
things
72%
'til
72%
waiting
72%
about
71%
beating
71%
everything
71%
lose
71%
moving
71%
own
71%
take
71%
you've
71%
ending
69%
ending?
69%
way
69%
change
68%
down
68%
gonna
68%
memories
68%
outside
68%
somehow
68%
thought
68%
Thought
68%
we've
68%
Flashback
67%
footsteps
67%
of
67%
our
67%
since
67%
somewhere
67%
stood
67%
through
67%
Even
66%
Is
66%
remember
66%
stairs
66%
them
66%
fight
65%
friends
65%
happen
65%
these
65%
Thinking
65%
thousand
65%
street
64%
months
62%
"Nothing's
62%
Six
62%
happened
61%
lately
61%
laughin'
61%
people
60%
reaching
60%
going
59%
playing
59%
Sounded
59%
wanna
59%
kind
58%
pacing
58%
up
58%
hall
56%
chasing
55%
locked
54%
arms
53%
Wrapped
49%
Maybe
48%
Woah
33%
No matching quizzes found
Score Distribution
Percent of People with Each Score
Percentile by Number Answered
Your Score History
You have not taken this quiz